-
UBEROI, N.K. & Kumar Surinder
Entry Personal Name
Number of records used in: 1
001 - CONTROL NUMBER
003 - CONTROL NUMBER IDENTIFIER
005 - DATE AND TIME OF LATEST TRANSACTION
- control field:
20160615093935.0
008 - FIXED-LENGTH DATA ELEMENTS
- fixed length control field:
160615|| aca||aabn | a|a d
040 ## - CATALOGING SOURCE
- Original cataloging agency:
OSt
- Transcribing agency:
OSt
100 ## - HEADING--PERSONAL NAME
- Personal name:
UBEROI, N.K. & Kumar Surinder
670 ## - SOURCE DATA FOUND
- Source citation:
Work cat.: (OSt): UBEROI, N.K. & Kumar Surinder, Managing Secutarism in the new Millennium , 2000